[Event "Wroclaw Black Horse op-B 1st"]
[Site "Wroclaw"]
[Date "2023.02.23"]
[Round "10"]
[White "Krzyzosiak, Marta"]
[Black "Nagly, Wojciech"]
[Result "1/2-1/2"]
[WhiteElo "1738"]
[BlackElo "1581"]
[PlyCount "147"]
[EventDate "2023.02.18"]
[EventType "swiss"]
[EventRounds "10"]
[EventCountry "POL"]
[SourceTitle "EXT 2024"]
[Source "ChessBase"]
[SourceDate "2023.10.10"]
[SourceVersion "1"]
[SourceVersionDate "2023.10.10"]
[SourceQuality "1"]

1. Nf3 c5 2. g3 d5 3. Bg2 Nc6 4. 0-0 Nf6 5. d3 e6 6. c3 Be7 7. Nbd2 0-0 8. a4 b6 9. Qc2 Bb7 10. Re1 Rc8 11. e4 d4 12. Nc4 Ba6 13. Nfd2 Qc7 14. e5 Nd7 15. f4 Rfd8 16. Ne4 Bxc4 17. dxc4 dxc3 18. Nxc3 Nd4 19. Qf2 a6 20. Ne4 Nb8 21. Be3 Nbc6 22. Rad1 Rd7 23. Rd2 Rcd8 24. Red1 Nf5 25. Rxd7 Rxd7 26. Rxd7 Qxd7 27. Qd2 Ncd4 28. Bxd4 Nxd4 29. Qd1 h6 30. h3 b5 31. axb5 axb5 32. cxb5 Qxb5 33. Qd2 Bd8 34. Nd6 Qb3 35. Kh2 Bb6 36. Nc8 Bc7 37. Ne7+ Kh8 38. Nc6 Nf5 39. Qc3 Qxc3 40. bxc3 Ne3 41. Bf3 Kg8 42. Na7 Kf8 43. Nb5 Ba5 44. Kg1 g5 45. Kf2 gxf4 46. gxf4 Nd5 47. Kg3 Nxc3 48. Nxc3 Bxc3 49. Be2 Ke7 50. Kf3 Kd7 51. Ke4 Kc6 52. Bc4 Kd7 53. f5 exf5+ 54. Kxf5 Ke7 55. Ba2 f6 56. exf6+ Bxf6 57. Ke4 Bd4 58. Kd3 Kf6 59. Bd5 Ke5 60. Bb7 h5 61. Kc4 Kf4 62. Bc8 Kg3 63. Bd7 Bg1 64. Bc8 Kf4 65. Bd7 Ke5 66. Be8 h4 67. Bd7 Bf2 68. Bg4 Kf4 69. Bc8 Ke4 70. Bb7+ Kf4 71. Bc8 Bd4 72. Bd7 Kg3 73. Bc8 Kh2 74. Bd7 1/2-1/2

[Event "Wroclaw Black Horse op-B 1st"]
[Site "Wroclaw"]
[Date "2023.02.20"]
[Round "5"]
[White "Mackowiak, Szymon"]
[Black "Krzyzosiak, Marta"]
[Result "0-1"]
[WhiteElo "1681"]
[BlackElo "1738"]
[PlyCount "111"]
[EventDate "2023.02.18"]
[EventType "swiss"]
[EventRounds "10"]
[EventCountry "POL"]
[SourceTitle "EXT 2024"]
[Source "ChessBase"]
[SourceDate "2023.10.10"]
[SourceVersion "1"]
[SourceVersionDate "2023.10.10"]
[SourceQuality "1"]

1. d4 Nf6 2. c4 g6 3. Nc3 Bg7 4. e4 d6 5. h3 0-0 6. Be3 e5 7. d5 Nbd7 8. g4 Nc5 9. f3 a5 10. h4 h5 11. g5 Nfd7 12. Qd2 b6 13. Nh3 Ba6 14. Be2 Qe7 15. 0-0-0 Bc8 16. Nb5 Na6 17. a3 Ndc5 18. Kc2 a4 19. Rdg1 Bxh3 20. Rxh3 Nb3 21. Qe1 Nac5 22. Qf2 Ra5 23. Qf1 Raa8 24. Bf2 Rac8 25. Be1 c6 26. dxc6 Rxc6 27. Bc3 Ne6 28. Kb1 Rfc8 29. Rh2 Nf4 30. Qd1 Nxe2 31. Rxe2 Bf8 32. Bb4 Qd7 33. Rc2 Rxc4 34. Rxc4 Rxc4 35. Nc3 Rd4 36. Qe2 Qc6 37. Qb5 Qxb5 38. Nxb5 Rd3 39. Nc3 Nc5 40. Bxc5 dxc5 41. Rf1 Kg7 42. Nxa4 b5 43. Kc2 Rd4 44. Nc3 b4 45. Nb5 Rd7 46. a4 c4 47. Rd1 b3+ 48. Kc1 Rxd1+ 49. Kxd1 Bb4 50. Na7 Bc5 51. Nc6 f6 52. gxf6+ Kxf6 53. Na5 g5 54. hxg5+ Kxg5 55. Nxc4 Kf4 56. Ke2 0-1

[Event "Wroclaw Black Horse op-B 1st"]
[Site "Wroclaw"]
[Date "2023.02.19"]
[Round "3"]
[White "Kaczmarska, Joanna"]
[Black "Krzyzosiak, Marta"]
[Result "0-1"]
[WhiteElo "1908"]
[BlackElo "1738"]
[PlyCount "126"]
[EventDate "2023.02.18"]
[EventType "swiss"]
[EventRounds "10"]
[EventCountry "POL"]
[SourceTitle "EXT 2024"]
[Source "ChessBase"]
[SourceDate "2023.10.10"]
[SourceVersion "1"]
[SourceVersionDate "2023.10.10"]
[SourceQuality "1"]

1. c4 Nf6 2. Nc3 g6 3. g3 Bg7 4. Bg2 0-0 5. Nf3 d6 6. h4 h5 7. d3 c5 8. Bg5 Nc6 9. Qd2 Kh7 10. Bxf6 Bxf6 11. Ng5+ Kg8 12. Be4 Ne5 13. 0-0-0 Ng4 14. Rdf1 Bg7 15. Nd5 Rb8 16. f3 Nf6 17. Nxf6+ exf6 18. Nxf7 Kxf7 19. Bd5+ Be6 20. Bxe6+ Kxe6 21. f4 f5 22. e4 Kd7 23. e5 dxe5 24. fxe5 Bxe5 25. Re1 Qf6 26. d4 Bxd4 27. b4 b6 28. Re3 Rfe8 29. Ra3 Rb7 30. Rd1 Qe6 31. Qc2 Kc7 32. Rad3 Kb8 33. Kb1 Qe2 34. R3d2 Qe4 35. Rd3 Rbe7 36. a3 Qc6 37. bxc5 Bxc5 38. R1d2 Re1+ 39. Ka2 R1e3 40. Qc3 Rxd3 41. Qxd3 Kb7 42. Qc3 Re7 43. Qh8 Qf3 44. Qb2 Qxa3+ 45. Qxa3 Bxa3 46. Kxa3 Re3+ 47. Kb4 Rxg3 48. Rd7+ Ka6 49. Rd6 Rg4 50. Rf6 Kb7 51. Kb5 a6+ 52. Kb4 b5 53. Rf7+ Kc8 54. Kc5 Rxc4+ 55. Kd6 Rxh4 56. Rc7+ Kb8 57. Rg7 Rc4 58. Rxg6 Kb7 59. Rg5 h4 60. Rxf5 Kb6 61. Rh5 Ka5 62. Kd5 Kb4 63. Rh8 a5 0-1

[Event "POL-ch U18 Girls"]
[Site "Jastrzebia Gora"]
[Date "2023.??.??"]
[Round "1"]
[White "Krzyzosiak, Marta"]
[Black "Czerwinska, Oliwia"]
[Result "1-0"]
[WhiteElo "1778"]
[BlackElo "1369"]
[PlyCount "43"]
[EventDate "2023.03.11"]
[EventType "swiss"]
[EventRounds "9"]
[EventCountry "POL"]
[SourceTitle "CBM 213 Extra"]
[Source "ChessBase"]
[SourceDate "2023.05.31"]
[SourceVersion "1"]
[SourceVersionDate "2023.05.31"]
[SourceQuality "1"]

1. e4 e5 2. Nf3 Nc6 3. Bc4 Bc5 4. c3 Nf6 5. d4 exd4 6. cxd4 Bb4+ 7. Bd2 Bxd2+ 8. Nbxd2 0-0 9. 0-0 d5 10. exd5 Nxd5 11. Rc1 Nb6 12. Bb3 Bg4 13. h3 Bh5 14. Rc5 Bg6 15. Qc1 Nxd4 16. Nxd4 Qxd4 17. Nf3 Qf6 18. Rxc7 Rac8 19. Re1 Bf5 20. Rxc8 Rxc8 21. Qxc8+ Nxc8 22. Re8# 1-0

[Event "POL-chT U18 1st"]
[Site "Poland"]
[Date "2022.06.29"]
[Round "5.5"]
[White "Barwinska, Ewa"]
[Black "Krzyzosiak, Marta"]
[Result "1-0"]
[WhiteElo "1916"]
[BlackElo "1666"]
[PlyCount "55"]
[EventDate "2022.06.25"]
[EventType "team-swiss"]
[EventRounds "9"]
[EventCountry "POL"]
[SourceTitle "EXT 2023"]
[Source "ChessBase"]
[SourceDate "2022.10.05"]
[SourceVersion "1"]
[SourceVersionDate "2022.10.05"]
[SourceQuality "1"]
[WhiteTeam "Kalisz KTS"]
[BlackTeam "Wroclaw Invest Polonia"]
[WhiteTeamCountry "POL"]
[BlackTeamCountry "POL"]

1. e4 c5 2. Nf3 e6 3. d4 cxd4 4. Nxd4 d6 5. c4 Nf6 6. Nc3 Be7 7. Bd3 Nc6 8. Bc2 a6 9. Be3 Bd7 10. Qe2 Qc7 11. Nxc6 Bxc6 12. 0-0 0-0 13. Bd3 Rfd8 14. Rac1 b6 15. Nd5 Bxd5 16. cxd5 Qb7 17. dxe6 fxe6 18. f3 b5 19. Rc2 Rac8 20. Rfc1 Rxc2 21. Qxc2 Kf7 22. h3 h6 23. f4 d5 24. e5 Ne4 25. Bd4 Rd7 26. Qc6 Nd2 27. f5 exf5 28. e6+ 1-0

[Event "Wch U18 Girls rapid"]
[Site "Rhodes"]
[Date "2022.05.01"]
[Round "1"]
[White "Krzyzosiak, Marta"]
[Black "Hryzlova, Sofiia"]
[Result "0-1"]
[WhiteElo "1603"]
[BlackElo "2011"]
[PlyCount "48"]
[EventDate "2022.05.01"]
[EventType "swiss (rapid)"]
[EventRounds "9"]
[EventCountry "GRE"]
[SourceTitle "CBM 208 Extra"]
[Source "ChessBase"]
[SourceDate "2022.07.31"]
[SourceVersion "1"]
[SourceVersionDate "2022.07.31"]
[SourceQuality "1"]

1. Nf3 Nf6 2. g3 g6 3. Bg2 Bg7 4. 0-0 d6 5. d3 0-0 6. e4 c5 7. c3 Nc6 8. Nbd2 e5 9. Ne1 d5 10. f4 dxe4 11. dxe4 b6 12. a4 Ba6 13. Rf2 exf4 14. gxf4 Qd7 15. Qc2 Rad8 16. e5 Ng4 17. Rf3 f6 18. h3 Nh6 19. exf6 Rxf6 20. Ne4 Re6 21. Ng5 Rxe1+ 22. Kf2 Re2+ 23. Qxe2 Bxe2 24. Kxe2 Qd1+ 0-1

[Event "POL-ch U18 Girls"]
[Site "Sypniewo"]
[Date "2022.03.24"]
[Round "6"]
[White "Krzyzosiak, Marta"]
[Black "Matusik, Zuzanna"]
[Result "0-1"]
[WhiteElo "1698"]
[BlackElo "1286"]
[PlyCount "68"]
[EventDate "2022.03.19"]
[EventType "swiss"]
[EventRounds "9"]
[EventCountry "POL"]
[SourceTitle "CBM 207 Extra"]
[Source "ChessBase"]
[SourceDate "2022.05.31"]
[SourceVersion "1"]
[SourceVersionDate "2022.05.31"]
[SourceQuality "1"]

1. e4 e5 2. Nf3 Nc6 3. Bb5 Bc5 4. c3 Nge7 5. d4 exd4 6. cxd4 Bb4+ 7. Bd2 Bxd2+ 8. Nbxd2 d5 9. exd5 Qxd5 10. Bc4 Qd8 11. Ng5 0-0 12. Qh5 Bf5 13. Bxf7+ Kh8 14. 0-0 Ng8 15. Ndf3 Nh6 16. d5 Ne7 17. Ne5 Qd6 18. f4 Nxd5 19. Bxd5 Qxd5 20. Rad1 Qxa2 21. g4 Bc2 22. Rd7 Qb3 23. Rf3 Qb6+ 24. Kg2 Bg6 25. Nxg6+ hxg6 26. Nf7+ Rxf7 27. Qh3 Rxd7 28. g5 Rd2+ 29. Kf1 Re8 30. gxh6 Qa6+ 31. Kg1 Re1+ 32. Rf1 Rxf1+ 33. Qxf1 Qxf1+ 34. Kxf1 gxh6 0-1

[Event "POL-ch U18 Girls"]
[Site "Sypniewo"]
[Date "2022.03.23"]
[Round "5"]
[White "Mirowska, Oliwia"]
[Black "Krzyzosiak, Marta"]
[Result "1/2-1/2"]
[WhiteElo "1738"]
[BlackElo "1698"]
[PlyCount "81"]
[EventDate "2022.03.19"]
[EventType "swiss"]
[EventRounds "9"]
[EventCountry "POL"]
[SourceTitle "CBM 207 Extra"]
[Source "ChessBase"]
[SourceDate "2022.05.31"]
[SourceVersion "1"]
[SourceVersionDate "2022.05.31"]
[SourceQuality "1"]

1. d4 Nf6 2. Bf4 g6 3. Nf3 Bg7 4. Nc3 d5 5. e3 c6 6. h4 Nbd7 7. Ne5 Nxe5 8. Bxe5 Nh5 9. Bxg7 Nxg7 10. Qd2 Qc7 11. Be2 h5 12. 0-0-0 Bf5 13. f3 0-0-0 14. Kb1 Kb8 15. e4 Be6 16. Na4 f6 17. Qb4 Bf7 18. Rhe1 Rhe8 19. Bf1 e5 20. exd5 cxd5 21. Bb5 Re6 22. c4 exd4 23. cxd5 Rxe1 24. Rxe1 Nf5 25. Bd3 Qd6 26. Nc5 Qb6 27. Qxb6 axb6 28. Ne4 Ne3 29. Nxf6 Rd6 30. Ne4 Rxd5 31. Nd2 Rc5 32. Nf1 Nxg2 33. Re4 Bd5 34. Rxd4 Bxf3 35. Bxg6 Bg4 36. Ng3 Nxh4 37. b4 Re5 38. Bxh5 Bxh5 39. Rxh4 Bg6+ 40. Kb2 Rg5 41. Ne4 1/2-1/2

[Event "Litomysl op 20th"]
[Site "Litomysl"]
[Date "2019.12.31"]
[Round "8"]
[White "Brozka, Karel"]
[Black "Krzyzosiak, Marta"]
[Result "1-0"]
[WhiteElo "1918"]
[BlackElo "1578"]
[PlyCount "119"]
[EventDate "2019.12.26"]
[EventType "swiss"]
[EventRounds "9"]
[EventCountry "CZE"]
[SourceTitle "CBM 194 Extra"]
[Source "ChessBase"]
[SourceDate "2020.03.31"]
[SourceVersion "1"]
[SourceVersionDate "2020.03.31"]
[SourceQuality "1"]

1. d4 Nf6 2. Nf3 g6 3. g3 Bg7 4. Bg2 d6 5. c4 0-0 6. 0-0 c5 7. Nc3 Nbd7 8. e4 cxd4 9. Nxd4 Ne5 10. b3 a6 11. Bb2 Qc7 12. Rc1 Rb8 13. Nd5 Qd7 14. f4 Nc6 15. Nxc6 bxc6 16. Nxf6+ Bxf6 17. Bxf6 exf6 18. Qd4 Qe7 19. Rfd1 Rd8 20. c5 d5 21. exd5 cxd5 22. Re1 Be6 23. f5 gxf5 24. Bh3 f4 25. gxf4 Qf8 26. Rc3 h6 27. Bxe6 fxe6 28. Rxe6 Re8 29. Qxf6 Qxf6 30. Rxf6 Re2 31. Rg3+ Kh7 32. Rg2 Re4 33. Rd2 d4 34. c6 Rc8 35. f5 Rf4 36. h3 Kg7 37. Rd6 Rxf5 38. R2xd4 Rc5 39. Rc4 Rxc4 40. bxc4 h5 41. Kf2 Kf7 42. Kg3 Ke7 43. c5 Rg8+ 44. Kh4 Rf8 45. Kg5 a5 46. a4 h4 47. Kxh4 Rf5 48. Kg4 Rxc5 49. Rg6 Rc4+ 50. Kg5 Rxa4 51. h4 Ra2 52. h5 a4 53. h6 Rg2+ 54. Kf5 Rh2 55. Rg7+ Kd8 56. h7 a3 57. Rg8+ Kc7 58. h8Q Rxh8 59. Rxh8 a2 60. Ra8 1-0

[Event "EU-ch U10 Girls 25th"]
[Site "Porec"]
[Date "2015.09.25"]
[Round "5"]
[White "Melenchuk, Olga"]
[Black "Krzyzosiak, Marta"]
[Result "1-0"]
[WhiteElo "1497"]
[BlackElo "1126"]
[PlyCount "73"]
[EventDate "2015.09.21"]
[EventType "swiss"]
[EventRounds "9"]
[EventCountry "CRO"]
[SourceTitle "EXT 2016"]
[Source "ChessBase"]
[SourceDate "2015.10.08"]
[SourceVersion "1"]
[SourceVersionDate "2015.10.08"]
[SourceQuality "1"]

1. c4 e5 2. Nc3 Nf6 3. Nf3 d5 4. cxd5 Nxd5 5. Nxe5 f6 6. Nf3 Nc6 7. e4 Nb6 8. d4 Bg4 9. d5 Ne5 10. Be2 Bd6 11. Nxe5 Bxe2 12. Qxe2 Bxe5 13. Qb5+ Qd7 14. Qxd7+ Kxd7 15. Bd2 Nc4 16. b3 Nxd2 17. Kxd2 Rhe8 18. f3 Rad8 19. Rad1 Bxc3+ 20. Kxc3 Kd6 21. Kd4 Re7 22. Rd3 Red7 23. Rhd1 c6 24. dxc6 Kxc6+ 25. Kc3 Rxd3+ 26. Rxd3 Rxd3+ 27. Kxd3 Kd7 28. f4 g6 29. g4 h6 30. h4 b6 31. g5 hxg5 32. hxg5 fxg5 33. fxg5 a5 34. a4 Kd6 35. Kd4 Kd7 36. Ke5 Ke7 37. Kd5 1-0

[Event "EU-ch U10 Girls 25th"]
[Site "Porec"]
[Date "2015.09.24"]
[Round "4"]
[White "Can, Isil"]
[Black "Krzyzosiak, Marta"]
[Result "1-0"]
[WhiteElo "1795"]
[BlackElo "1126"]
[PlyCount "65"]
[EventDate "2015.09.21"]
[EventType "swiss"]
[EventRounds "9"]
[EventCountry "CRO"]
[SourceTitle "EXT 2016"]
[Source "ChessBase"]
[SourceDate "2015.10.08"]
[SourceVersion "1"]
[SourceVersionDate "2015.10.08"]
[SourceQuality "1"]

1. e4 c5 2. Nf3 d6 3. d4 cxd4 4. Nxd4 Nf6 5. Nc3 g6 6. Be3 Bg7 7. f3 a6 8. Qd2 Nbd7 9. 0-0-0 h5 10. Be2 b5 11. Nb3 Bb7 12. h3 Rc8 13. g4 Ne5 14. g5 Nfd7 15. Bd4 Rg8 16. Kb1 Nc4 17. Bxc4 Rxc4 18. Bxg7 Rxg7 19. Nd5 Nc5 20. Ne3 Nxb3 21. axb3 Rc8 22. Qd4 Rg8 23. Rhf1 Qc7 24. f4 Qc6 25. e5 dxe5 26. fxe5 e6 27. Rf6 Ke7 28. Rdf1 Rgf8 29. Qf4 Qe4 30. Rxf7+ Rxf7 31. Qxf7+ Kd8 32. Qf8+ Kc7 33. Qd6# 1-0

[Event "Sachsen-ch U08 op"]
[Site "Sebnitz"]
[Date "2013.10.30"]
[Round "5"]
[White "Krzyzosiak, Marta"]
[Black "Wiemann, Vanessa"]
[Result "1-0"]
[WhiteElo "1120"]
[BlackElo "1054"]
[PlyCount "49"]
[EventDate "2013.10.28"]
[EventType "swiss"]
[EventRounds "9"]
[EventCountry "GER"]
[SourceTitle "EXT 2018"]
[Source "ChessBase"]
[SourceDate "2017.10.13"]
[SourceVersion "1"]
[SourceVersionDate "2017.10.13"]
[SourceQuality "1"]

1. e4 e5 2. Nf3 Nc6 3. Bc4 Bc5 4. Nxe5 Nxe5 5. d4 Nxc4 6. dxc5 Nf6 7. Nc3 0-0 8. Bg5 h6 9. Bh4 Nxb2 10. Qd2 Nc4 11. Qc1 d6 12. cxd6 cxd6 13. 0-0 a6 14. Nd5 Be6 15. Nxf6+ gxf6 16. Qxh6 Re8 17. Bxf6 Qxf6 18. Qxf6 Kf8 19. Rad1 a5 20. Rd3 b6 21. Rg3 Nd2 22. Re1 Rac8 23. Rg7 Bxa2 24. Rh7 Re6 25. Rh8# 1-0

[Event "Sachsen-ch U08 op"]
[Site "Sebnitz"]
[Date "2013.10.28"]
[Round "2"]
[White "Volejnik, Kai Yannik"]
[Black "Krzyzosiak, Marta"]
[Result "0-1"]
[WhiteElo "842"]
[BlackElo "1120"]
[PlyCount "110"]
[EventDate "2013.10.28"]
[EventType "swiss"]
[EventRounds "9"]
[EventCountry "GER"]
[SourceTitle "EXT 2018"]
[Source "ChessBase"]
[SourceDate "2017.10.13"]
[SourceVersion "1"]
[SourceVersionDate "2017.10.13"]
[SourceQuality "1"]

1. e4 e5 2. Nf3 Nc6 3. Nc3 Nf6 4. Bc4 Nxe4 5. Nxe4 d5 6. Bxd5 Qxd5 7. d3 Bc5 8. Nc3 Bb4 9. Bd2 Qc5 10. 0-0 Bg4 11. Be3 Qd6 12. Nb5 Qd7 13. d4 0-0 14. d5 e4 15. Ne5 Nxe5 16. Qd4 Qxb5 17. Qxe5 f6 18. Qxe4 Be2 19. Qg4 Bxg4 20. b3 Rad8 21. c4 Qa5 22. h3 Be2 23. a4 Bxf1 24. Rxf1 Bd6 25. Rd1 Rd7 26. Bd2 Qb6 27. Rb1 Be5 28. Be3 Qd6 29. g3 Bxg3 30. fxg3 Qxg3+ 31. Kf1 Qxe3 32. Kg2 Re8 33. Rb2 Re4 34. Rf2 Rf4 35. Rc2 Qg3+ 36. Kxg3 Re4 37. b4 b6 38. b5 Rde7 39. c5 bxc5 40. a5 Re2 41. Rxe2 Rxe2 42. b6 cxb6 43. d6 c4 44. d7 Rd2 45. Kf3 Rxd7 46. axb6 axb6 47. Kf4 c3 48. Kf5 c2 49. Ke6 Rd4 50. h4 c1Q 51. h5 Qe1+ 52. Kf5 Rd2 53. h6 Rf2+ 54. Kg4 Qg1+ 55. Kh5 Rh2# 0-1